000 01013cam a2200301 a 4500
001 2069139
003 OSt
005 20240626102407.0
008 941013s1995 nyua b 001 0 eng
010 _a 94023659
020 _a080773408X
020 _a0807734071
040 _aDLC
_cDLC
_dDLC
043 _an-us---
050 0 0 _b.B55 1995
082 0 0 _a371.1 BIK 1995
100 1 _aBiklen, Sari Knopp; Maxine, Greene
_913208
245 1 0 _aSchool Work :
_bgender and the cultural construction of teaching
260 _aNew York :
_bTeachers College Press,
_c1995.
300 _ax, 207 p. :
_bill. ;
_c24 cm.
440 0 _aSeries on school reform
_913209
504 _aIncludes bibliographical references (p. 189-199) and index.
650 0 _aLearning & Teaching
_913210
650 0 _aEducational sociology
_913212
906 _a7
_bcbc
_corignew
_d1
_eocip
_f19
_gy-gencatlg
942 _2ddc
_cO_SHELF
999 _c6435
_d6435